Revista Canguru de Matemática Brasil (Record no. 117198)
[ view plain ]
| 000 -LÍDER | |
|---|---|
| campo de controle de tamanho fixo | 00617 a2200193 4500 |
| 001 - NÚMERO DE CONTROLE | |
| campo de controle | 117198 |
| 020 ## - ISBN - INTERNATIONAL STANDARD BOOK NUMBER | |
| ISBN - International Standard Book Number | 978-65+89004-00-4 |
| 020 ## - ISBN - INTERNATIONAL STANDARD BOOK NUMBER | |
| Informação qualificadora | broch |
| 041 ## - CÓDIGO DE IDIOMA | |
| Código do idioma do texto/trilha sonora ou título diferente | por |
| 082 ## - CDD - CLASSIFICAÇÃO DECIMAL DE DEWEY | |
| Número de Classificação | 510 |
| 040 ## - FONTE DA CATALOGAÇÃO | |
| Instituição da catalogação original | BR-BrIDEA |
| Instituição que transcreveu o registro | BR-BrIDEA |
| 090 ## - NÚMERO DE CHAMADA LOCAL | |
| Número de chamada (OCLC) (R); Número de chamada, CALL (RLIN) (NR) | PL 510 |
| Número Cutter local (OCLC); Número de classificação do livro, CALL (RLIN) | REV |
| 245 10 - TÍTULO | |
| Título | Revista Canguru de Matemática Brasil |
| Restante do título | 2020 ; resoluções de exercícios |
| Indicação de responsabilidade, etc. | organização Élio Mega [colaboradores Pablo Ganassim, Regis Prado Barbosa, Leoanrdo Cavalcante] |
| 260 ## - PUBLICAÇÃO, DISTRIBUIÇÃO, ETC. | |
| Local de publicação, distribuição, etc. | São Paulo, SP |
| Nome do editor, distribuidor, etc. | UPMAT, |
| Data da publicação, distribuição, etc. | 2020 |
| 300 ## - DESCRIÇÃO FÍSICA | |
| Extensão | 126 p. |
| Outros detalhes físicos | col. ill. |
| 697 ## - ENTRADA DE ASSUNTO LOCAL--ENTIDADE COLETIVA (RLIN) | |
| Nome corporativo ou nome da jurisdição | Concurso Canguru de Matemática |
| 697 ## - ENTRADA DE ASSUNTO LOCAL--ENTIDADE COLETIVA (RLIN) | |
| Nome corporativo ou nome da jurisdição | Matemática - Competições |
| 942 ## - ELEMENTOS DE ENTRADA ADICIONADOS (KOHA) | |
| Tipo de material Koha | Livros |
| Situação do descarte | Situação das perdas | Fonte da classificação ou esquema de arquivamento na estante | Situação física | Não pode ser emprestado | Biblioteca de origem | Biblioteca atual | Data de aquisição | Total de empréstimos | Número de chamada completo | Código de barras | Data de último acesso | Data do preço efetivo | Tipo de material Koha |
|---|---|---|---|---|---|---|---|---|---|---|---|---|---|
| Classificação Decimal de Dewey | ECB - SUDOESTE | ECB - SUDOESTE | 24/03/2021 | PL 510 REV | 00054030SSW | 23/01/2024 | 23/01/2024 | Livros |